Statistics for All songs by Cannibal Corpse

Click here to take the quiz!

General Stats

  • This quiz has been taken 32 times
  • The average score is 27 of 172

Answer Stats

AlbumAnswer% Correct
Tomb of the MutilatedHammer Smashed Face
94%
Butchered at BirthButchered at Birth
72%
Gallery of SuicideGallery of Suicide
67%
Eaten Back to LifeA Skull Full of Maggots
61%
Tomb of the MutilatedI Cum Blood
61%
The BleedingStripped, Raped and Strangled
61%
The BleedingThe Bleeding
61%
Tomb of the MutilatedAddicted to Vaginal Skin
56%
Gallery of SuicideI Will Kill You
56%
Butchered at BirthMeat Hook Sodomy
56%
The BleedingStaring Through the Eyes of the Dead
56%
Gallery of SuicideFrom Skin to Liquid
50%
The BleedingFucked With a Knife
50%
Butchered at BirthGutted
50%
Gore ObsessedPit of Zombies
50%
TortureScourge of Iron
50%
Gallery of SuicideSentenced to Burn
50%
VileDevoured By Vermin
44%
Evisceration PlagueEvisceration Plague
44%
The BleedingThe Pick-Axe Murders
44%
Tomb of the MutilatedEntrails Ripped From a Virgin’s Cunt
39%
Gore ObsessedHatchet to the Head
39%
VileMummified in Barbed Wire
39%
KillThe Time to Kill Is Now
39%
The Wretched SpawnThe Wretched Spawn
39%
Violence UnimaginedInhumane Harvest
33%
VileMonolith
33%
Red Before BlackRed Before Black
33%
BloodthirstUnleashing the Bloodthirsty
33%
A Skeletal DomainA Skeletal Domain
28%
TortureDemented Aggression
28%
Gallery of SuicideDisposal of the Body
28%
Violence UnimaginedMurderous Rampage
28%
Tomb of the MutilatedNecropedophile
28%
VileOrgasm Through Torture
28%
BloodthirstPounded Into Dust
28%
TortureRabid
28%
Eaten Back to LifeShredded Humans
28%
Butchered at BirthUnder the Rotted Flesh
28%
TortureAs Deep As the Knife Will Go
22%
Gallery of SuicideChambers of Blood
22%
VileEaten From Inside
22%
Violence UnimaginedFollow the Blood
22%
A Skeletal DomainKill or Become
22%
KillMake Them Suffer
22%
VilePuncture Wound Massacre
22%
TortureSarcophagic Frenzy
22%
Tomb of the MutilatedSplit Wide Open
22%
Gallery of SuicideBlood Drenched Execution
17%
The Wretched SpawnDecency Defied
17%
Torture
The Strangulation Chair
17%
Eaten Back to LifeEdible Autopsy
17%
KillInfinite Misery
17%
Eaten Back to LifeMangled
17%
Violence UnimaginedNecrogenic Resurrection
17%
Evisceration PlaguePriests of Sodom
17%
The BleedingPulverized
17%
Gore ObsessedSanded Faceless
17%
The BleedingShe Was Asking For It
17%
Violence UnimaginedSurround, Kill, Devour
17%
Butchered at BirthVomit the Soul
17%
Evisceration PlagueA Cauldron of Hate
11%
The BleedingAn Experiment in Homicide
11%
Tomb of the MutilatedBeyond the Cemetery
11%
Eaten Back to LifeBloody Chunks
11%
Eaten Back to LifeBorn in a Casket
11%
KillBrain Removal Device
11%
Eaten Back to LifeBuried in the Backyard
11%
TortureCaged... Contorted
11%
Red Before BlackCode of the Slashers
11%
Gore ObsessedCompelled to Lacerate
11%
Violence UnimaginedCondemnation Contagion
11%
TortureCrucifier Avenged
11%
VileDisfigured
11%
Gore ObsessedDormant Bodies Bursting
11%
TortureEncased in Concrete
11%
TortureFollowed Home Then Killed
11%
The BleedingForce Fed Broken Glass
11%
The Wretched SpawnFrantic Disembowelment
11%
A Skeletal DomainFuneral Cremation
11%
BloodthirstHacksaw Decapitation
11%
Gore ObsessedHung and Bled
11%
KillManiacal
11%
KillMurder Worship
11%
KillNecrosadistic Warning
11%
Violence UnimaginedOvertorture
11%
Eaten Back to LifePut Them to Death
11%
BloodthirstRaped By the Beast
11%
Gore ObsessedSavage Butchery
11%
Eaten Back to Life | VileThe Undead Will Feast
11%
TortureTorn Through
11%
VileAbsolute Hatred
6%
KillBarbaric Bludgeonings
6%
A Skeletal DomainBloodstained Cement
6%
BloodthirstBlowtorch Slaughter
6%
Violence UnimaginedCerements of the Flayed
6%
BloodthirstCoffinfeeder
6%
Butchered at BirthCovered With Sores
6%
Gallery of SuicideCrushing the Despised
6%
KillDeath Walking Terror
6%
BloodthirstEcstasy in Decay
6%
Evisceration PlagueEvidence in the Furnace
6%
KillFive Nails Through the Neck
6%
Gore ObsessedGrotesque
6%
Red Before BlackHeads Shoveled Off
6%
Red Before BlackHideous Ichor
6%
A Skeletal DomainHigh Velocity Impact Spatter
6%
A Skeletal DomainIcepick Lobotomy
6%
Butchered at BirthInnards Decay
6%
TortureIntestinal Crank
6%
Gore ObsessedMutation of the Cadaver
6%
The Wretched SpawnNothing Left to Mutilate
6%
Red Before BlackOnly One Will Die
6%
VilePerverse Suffering
6%
The Wretched SpawnPsychotic Precision
6%
KillPurification by Fire
6%
Butchered at BirthRancid Amputation
6%
Eaten Back to LifeRotting Head
6%
Evisceration PlagueScalding Hail
6%
Eaten Back to LifeScattered Remains, Splattered Brains
6%
The Wretched SpawnSevered Head Stoning
6%
Evisceration PlagueSkewered From Ear to Eye
6%
Violence UnimaginedSlowly Sawn
6%
KillSubmerged in Boiling Flesh
6%
Tomb of the MutilatedThe Cryptic Stench
6%
A Skeletal DomainThe Murderer’s Pact
6%
BloodthirstThe Spine Splitter
6%
Evisceration PlagueTo Decompose
6%
Gallery of SuicideUnite the Dead
6%
A Skeletal DomainVector of Cruelty
6%
Gore ObsessedWhen Death Replaces Life
6%
A Skeletal DomainAsphyxiate to Resuscitate
0%
Evisceration PlagueBeheading and Burning
0%
The Wretched SpawnBent Backwards and Broken
0%
VileBloodlands
0%
The Wretched SpawnBlunt Force Castration
0%
Violence UnimaginedBound and Burned
0%
Evisceration PlagueCarnivorous Swarm
0%
Evisceration PlagueCarrion Sculpted Entity
0%
Gallery of SuicideCenturies of Torment
0%
BloodthirstCondemned to Agony
0%
Red Before BlackCorpus Delicti
0%
The Wretched SpawnCyanide Assassin
0%
BloodthirstDead Human Collection
0%
Red Before BlackDestroyed Without a Trace
0%
Gallery of SuicideDismembered and Molested
0%
Gore ObsessedDrowning in Viscera
0%
Gallery of SuicideEvery Bone Broken
0%
The Wretched SpawnFestering in the Crypt
0%
Red Before BlackFirestorm Vengeance
0%
Gallery of SuicideHeadless
0%
A Skeletal DomainHeadlong into Carnage
0%
A Skeletal DomainHollowed Bodies
0%
Red Before BlackIn the Midst of Ruin
0%
Butchered at BirthLiving Dissection
0%
Tomb of the MutilatedPost Mortal Ejaculation
0%
VileRelentless Beating
0%
Red Before BlackRemaimed
0%
The BleedingReturn to Flesh
0%
Violence UnimaginedRitual Annihilation
0%
The Wretched SpawnRotten Body Landslide
0%
A Skeletal DomainSadistic Embodiment
0%
Red Before BlackScavenger Consuming Death
0%
Evisceration PlagueShatter Their Bones
0%
Red Before BlackShedding My Human Skin
0%
BloodthirstSickening Metamorphosis
0%
The Wretched SpawnSlain
0%
Gallery of SuicideStabbed in the Throat
0%
KillThe Discipline of Revenge
0%
The Wretched SpawnThey Deserve to Die
0%
Evisceration PlagueUnnatural
0%

Score Distribution

Percentile by Number Answered

Percent of People with Each Score

Your Score History

You have not taken this quiz